header

Sri Ramacaritamanasa (Record no. 258056)

MARC details
000 -LEADER
fixed length control field 00378nam a22001457a 4500
003 - CONTROL NUMBER IDENTIFIER
control field OSt
005 - DATE AND TIME OF LATEST TRANSACTION
control field 20200123110601.0
008 - FIXED-LENGTH DATA ELEMENTS--GENERAL INFORMATION
fixed length control field 200123b xxu||||| |||| 00| 0 eng d
020 ## - INTERNATIONAL STANDARD BOOK NUMBER
International Standard Book Number 9788120807626
040 ## - CATALOGING SOURCE
Transcribing agency N/A
100 ## - MAIN ENTRY--PERSONAL NAME
Personal name R.C Prasad
245 ## - TITLE STATEMENT
Title Sri Ramacaritamanasa
Remainder of title The holy lake of the acts of Rama
260 ## - PUBLICATION, DISTRIBUTION, ETC. (IMPRINT)
Place of publication, distribution, etc Delhi
Name of publisher, distributor, etc Motilal Banarsidass
Date of publication, distribution, etc 2018
942 ## - ADDED ENTRY ELEMENTS (KOHA)
Source of classification or shelving scheme Library of Congress Classification
Koha item type Long Loan Books
Holdings
Withdrawn status Lost status Source of classification or shelving scheme Damaged status Not for loan Collection code Home library Current library Shelving location Date acquired Total Checkouts Full call number Barcode Date last seen Price effective from Koha item type
    Library of Congress Classification     Non-fiction Rongo University Library Rongo University Library General Stacks 23/01/2020   PK1947.9 T83 R33 201901837 23/01/2020 23/01/2020 Long Loan Books

© 2026 Rongo University
Contact us: librarian | system librarian | Rongo university